Record purchases by private equity investors (Record no. 117106)

MARC details
000 -LEADER
fixed length control field 01079cam a2200217 4500
001 - CONTROL NUMBER
control field WB4011-04
008 - FIXED-LENGTH DATA ELEMENTS--GENERAL INFORMATION
fixed length control field 040316n2004 000 0 eng u
035 ## - SYSTEM CONTROL NUMBER
System control number (Sirsi) u125427
245 ## - TITLE STATEMENT
Title Record purchases by private equity investors
260 ## - PUBLICATION, DISTRIBUTION, ETC.
Date of publication, distribution, etc. 2004
490 ## - SERIES STATEMENT
Series statement Estates Gazette
Volume/sequential designation (0411) 13 March 2004, 36(1)
520 ## - SUMMARY, ETC.
Summary, etc. Private equity investors spent £16.8bn on UK commercial property in 2003 according to Lambert Smith Hampton's "UK investment transactions - annual market report year ended 2003". Institutional investors were directly involved in only £6.8bn of purchases during the year. Property companies accounted for 64% of all private equity purchases in the UK in 2003, overseas investors 26% and the private investor market 10%. The full report is available at http://www.lsh.co.uk/news.htm after free registration.
590 ## - LOCAL NOTE (RLIN)
Local note WB
590 ## - LOCAL NOTE (RLIN)
Local note WB
650 ## - SUBJECT ADDED ENTRY--TOPICAL TERM
Topical term or geographic name entry element PRIVATE INVESTORS
650 ## - SUBJECT ADDED ENTRY--TOPICAL TERM
Topical term or geographic name entry element INSTITUTIONAL INVESTORS
650 ## - SUBJECT ADDED ENTRY--TOPICAL TERM
Topical term or geographic name entry element OVERSEAS INVESTORS
650 ## - SUBJECT ADDED ENTRY--TOPICAL TERM
Topical term or geographic name entry element PROPERTY COMPANIES
690 ## - LOCAL SUBJECT ADDED ENTRY--TOPICAL TERM (OCLC, RLIN)
Topical term or geographic name as entry element COMMERCIAL PROPERTY-INVESTMENT
942 ## - ADDED ENTRY ELEMENTS (KOHA)
Suppress in OPAC 0
Holdings
Withdrawn status Lost status Source of classification or shelving scheme Damaged status Not for loan Home library Current library Shelving location Date acquired Total Checkouts Full call number Barcode Date last seen Copy number Price effective from Koha item type
    Dewey Decimal Classification     London London News article 16/03/2004   WB4011-04 125427-1001 06/08/2019 1 06/08/2019 News article